Countries By Redesigned Flags #2 - Statistics

General Stats
  • This quiz has been taken 158 times
  • The average score is 8 of 12
Answer Stats
Picture Answer % Correct
Kosovo
98%
Argentina
97%
Kazakhstan
96%
Tonga
89%
St Vincent And The Grenadines
84%
Tanzania
83%
Morocco
81%
Panama
78%
Papua New Guinea
73%
Thailand
37%
Belgium
21%
Madagascar
9%
No matching quizzes found
Score Distribution
Percent of People with Each Score
Percentile by Number Answered
Your Score History
You have not taken this quiz